| 000 | 01210nam a2200313 c 4500 | ||
|---|---|---|---|
| 003 | BLK | ||
| 005 | 20250628101126.0 | ||
| 008 | 180408b bul|||||r ||||||| ||bul|| | ||
| 010 | _aKNG00091345000 | ||
| 020 |
_a978-954-529-705-2 _bиздат.: Колибри |
||
| 040 | _aBLK | ||
| 041 |
_aBUL _cBUL |
||
| 080 |
_aЧилийска литература _b821.134.2(83) _x-312.6 _z821.134.2(83)-312.6 |
||
| 100 | 1 |
_aАлиенде, Исабел _eпърви автор _930822 |
|
| 700 | 1 |
_aКостова, Маня Асенова _eпрев. от исп. _9277900 |
|
| 139 |
_aАлиенде, Исабел _bА 54 |
||
| 245 | 1 | 0 |
_aСборът на дните _cИсабел Алиенде; прев. от исп. Маня Асенова Костова. |
| 257 | _aCHI | ||
| 260 |
_аСофия _bКолибри _c2009 _fСофия : Инвестпрес |
||
| 300 |
_a347 с. _c20 см |
||
| 380 | _aX | ||
| 500 | _aОриг. загл. La suma de los dias / Isabel Aliende. - Офс. изд. | ||
| 852 | _aЦб 245285 | ||
| 856 | 4 |
_qpdf _u |
|
| 856 | 4 |
_qpdf _u |
|
| 942 |
_cKNG _n0 _046 |
||
| 944 |
_aCR _c10.09.2009 _lМоника Янева _k30570 |
||
| 944 |
_aED _c03.04.2013 _lф / _k |
||
| 999 |
_c86718 _d86718 |
||